|
|
|
|
| LEADER |
00000cam a2200000 c 4500 |
| 001 |
023877421 |
| 003 |
DE-627 |
| 005 |
20260206193552.0 |
| 007 |
tu |
| 008 |
710101s1982 gw ||||| 00| ||ger c |
| 015 |
|
|
|a 82,N06,0189
|2 dnb
|
| 015 |
|
|
|a 82,A19,0367
|2 dnb
|
| 016 |
7 |
|
|a 820188700
|2 DE-101
|
| 020 |
|
|
|a 3406085792
|9 3-406-08579-2
|
| 035 |
|
|
|a (DE-627)023877421
|
| 035 |
|
|
|a (DE-603)022297081
|
| 035 |
|
|
|a (DE-576)008589941
|
| 035 |
|
|
|a (DE-599)GBV023877421
|
| 035 |
|
|
|a (OCoLC)239742234
|
| 035 |
|
|
|a (OCoLC)09682816
|
| 035 |
|
|
|a (DE-604)800026895x
|
| 040 |
|
|
|a DE-627
|b ger
|c DE-627
|e rakwb
|
| 041 |
|
|
|a ger
|
| 044 |
|
|
|c XA-DE
|
| 050 |
|
0 |
|a KK6071.5.A274
|
| 082 |
0 |
|
|a 342.43/0858
|
| 082 |
0 |
|
|a 344.302858
|
| 082 |
0 |
|
|a 342.430858
|a 344.302858
|q LoC
|2 DDC19oclc
|
| 084 |
|
|
|a R 12,5 (20)
|2 sfb
|
| 084 |
|
|
|a 19
|2 sdnb
|
| 084 |
|
|
|a PZ 4300
|2 rvk
|0 (DE-625)rvk/141178:
|
| 084 |
|
|
|a PZ 4500
|2 rvk
|0 (DE-625)rvk/141180:
|
| 084 |
|
|
|a ST 277
|2 rvk
|0 (DE-625)rvk/143643:
|
| 100 |
1 |
|
|8 1\p
|a Ordemann, Hans-Joachim
|d 1928-2001
|0 (DE-588)1268246484
|0 (DE-627)1816880159
|4 aut
|
| 109 |
|
|
|a Ordemann, Hans-Joachim 1928-2001
|
| 245 |
1 |
0 |
|a Bundesdatenschutzgesetz
|b Gesetz zum Schutz vor Mißbrauch personenbezogener Daten bei der Datenverarbeitung ; [mit Erläuterungen]
|c erl. von Hans-Joachim Ordemann, Rudolf Schomerus
|
| 246 |
3 |
3 |
|a Gesetz zum Schutz vor Mißbrauch personenbezogener Daten bei der Datenverarbeitung
|
| 250 |
|
|
|a 3., neubearb. und erw. Aufl.
|
| 264 |
|
1 |
|a München
|b Beck
|c 1982
|
| 300 |
|
|
|a XV, 555 S.
|b 17 cm
|
| 336 |
|
|
|a Text
|b txt
|2 rdacontent
|
| 337 |
|
|
|a ohne Hilfsmittel zu benutzen
|b n
|2 rdamedia
|
| 338 |
|
|
|a Band
|b nc
|2 rdacarrier
|
| 500 |
|
|
|a Includes bibliographical references and index
|
| 610 |
2 |
7 |
|0 (DE-588)4112855-2
|0 (DE-627)104522720
|0 (DE-576)209471417
|a Deutschland
|t Bundesdatenschutzgesetz
|f 1990
|2 gnd
|
| 653 |
|
0 |
|a Data protection
|a Law and legislation
|a Germany (West)
|
| 653 |
|
0 |
|a Privacy, Right of
|a Germany (West)
|
| 655 |
|
7 |
|a Kommentar
|0 (DE-588)4136710-8
|0 (DE-627)104500719
|0 (DE-576)209671467
|2 gnd-content
|
| 689 |
0 |
0 |
|d s
|0 (DE-588)4011134-9
|0 (DE-627)106354213
|0 (DE-576)208891986
|a Datenschutz
|2 gnd
|
| 689 |
0 |
|
|5 (DE-627)
|
| 689 |
1 |
0 |
|d u
|0 (DE-588)4112855-2
|0 (DE-627)104522720
|0 (DE-576)209471417
|a Deutschland
|t Bundesdatenschutzgesetz
|f 1990
|2 gnd
|
| 689 |
1 |
|
|5 (DE-627)
|
| 689 |
2 |
0 |
|d u
|0 (DE-588)4112855-2
|0 (DE-627)104522720
|0 (DE-576)209471417
|a Deutschland
|t Bundesdatenschutzgesetz
|f 1990
|2 gnd
|
| 689 |
2 |
|
|5 (DE-627)
|
| 700 |
1 |
|
|a Schomerus, Rudolf
|0 (DE-588)13646601X
|0 (DE-627)583303226
|0 (DE-576)162965311
|4 aut
|
| 883 |
|
|
|8 1\p
|a cgwrk
|d 20241001
|q DE-101
|u https://d-nb.info/provenance/plan#cgwrk
|
| 889 |
|
|
|w (DE-627)128454245
|
| 889 |
|
|
|w (DE-627)440689023
|
| 935 |
|
|
|i mdedup
|
| 935 |
|
|
|h HEB
|i 0501
|
| 935 |
|
|
|h HEB
|i 0503
|
| 936 |
r |
v |
|a PZ 4300
|b Kommentare zum Bundesdatenschutzgesetz
|k Rechtswissenschaft
|k Datenverarbeitung und Recht
|k Datenschutz (BF Datenschutzrecht), Datensicherung (BF Datensicherheit; Sicherheit / Datenverarbeitung)
|k Kommentare zum Bundesdatenschutzgesetz
|0 (DE-627)1271580993
|0 (DE-625)rvk/141178:
|0 (DE-576)201580993
|
| 936 |
r |
v |
|a PZ 4500
|b Gesamtdarstellungen
|k Rechtswissenschaft
|k Datenverarbeitung und Recht
|k Datenschutz (BF Datenschutzrecht), Datensicherung (BF Datensicherheit; Sicherheit / Datenverarbeitung)
|k Gesamtdarstellungen
|0 (DE-627)127171731X
|0 (DE-625)rvk/141180:
|0 (DE-576)20171731X
|
| 936 |
r |
v |
|a ST 277
|b Sonstiges zur Sicherheit in der Datenverarbeitung
|k Informatik
|k Monografien
|k Software und -entwicklung
|k Sonstiges zur Sicherheit in der Datenverarbeitung
|0 (DE-627)1271118971
|0 (DE-625)rvk/143643:
|0 (DE-576)201118971
|
| 936 |
s |
n |
|a p100
|2 mzub
|
| 936 |
s |
n |
|a s200
|2 mzub
|
| 951 |
|
|
|a BO
|
| ELC |
|
|
|b 1
|
| LOK |
|
|
|0 000 xxxxxcx a22 zn 4500
|
| LOK |
|
|
|0 001 3170508431
|
| LOK |
|
|
|0 003 DE-627
|
| LOK |
|
|
|0 004 023877421
|
| LOK |
|
|
|0 005 20151116135318
|
| LOK |
|
|
|0 008 150728||||||||||||||||ger|||||||
|
| LOK |
|
|
|0 035
|a (DE-21-110)kd34645
|
| LOK |
|
|
|0 040
|a DE-21-110
|c DE-627
|d DE-21-110
|
| LOK |
|
|
|0 852
|a DE-21-110
|
| LOK |
|
|
|0 852 1
|c F IX 8
|m p
|9 00
|
| LOK |
|
|
|0 935
|a k110
|
| LOK |
|
|
|0 938
|k p
|
| LOK |
|
|
|0 939
|a 28-07-15
|b l01
|
| ORI |
|
|
|a SA-MARC-krimdoka001.raw
|
| SIG |
|
|
|a IFK: F IX 8
|
| TIM |
|
|
|a 100019910101_100020181231
|b 1991 - 2018
|